000
00206 a2200097 4500
020
_a
9781603961936
041
_a
spa
100
_a
Megan McDonald
245
_a
Stink el increible niò¨ Menguante
942
_c
BK
999
_c
31017
_d
31015